000
00238nam a2200097Ia 4500
082
_a
EJF OLDH
245
0
_a
In the blood
100
_a
OLDHAM, June London, 2003
_9
75396
942
_c
BK
008
210817s9999 xx 000 0 und d
999
_c
249444
_d
249443